[Event "BL2-Sued 0102"]
[Site "Germany"]
[Date "2001.10.07"]
[Round "1.8"]
[White "Sandor, Christian"]
[Black "Tammert, Iamze"]
[Result "0-1"]
[WhiteElo "2345"]
[BlackElo "2235"]
[PlyCount "78"]
[EventDate "2001.10.07"]
[EventType "team-tourn"]
[EventRounds "9"]
[EventCountry "GER"]
[SourceTitle "CBM 088 Extra"]
[Source "ChessBase"]
[SourceDate "2002.07.01"]
[SourceVersion "2"]
[SourceVersionDate "2002.07.01"]
[SourceQuality "1"]
[WhiteTeam "Bayern Muenchen"]
[BlackTeam "Baden Oos"]
[WhiteTeamCountry "GER"]
[BlackTeamCountry "GER"]

1. e4 c6 2. d4 g6 3. Nc3 Bg7 4. h3 d6 5. Be3 Nf6 6. f4 Qa5 7. Bd3 e5 8. Nf3 Nbd7 9. Qd2 0-0 10. dxe5 dxe5 11. f5 Nc5 12. Nxe5 Ncxe4 13. Nc4 Qxc3 14. bxc3 Nxd2 15. Bxd2 Bxf5 16. Bxf5 gxf5 17. 0-0 Ne4 18. Be1 Nxc3 19. Bxc3 Bxc3 20. Rad1 Rad8 21. Nd6 Rd7 22. Rd3 Rfd8 23. Rg3+ Kf8 24. Nxf5 Be5 25. Rgf3 Rd1 26. Nh6 Rxf1+ 27. Kxf1 f6 28. Ng4 Ke7 29. Ke2 Rd4 30. Rf5 Ke6 31. Rh5 Ra4 32. Rxh7 Rxa2 33. Kd2 b5 34. h4 b4 35. Kd3 Ra3+ 36. Kc4 Rc3+ 37. Kxb4 Rxc2 38. Nxe5 Kxe5 39. Rxa7 Rxg2 0-1

[Event "BL2-Sued 0001"]
[Site "Germany"]
[Date "2001.01.07"]
[Round "4.5"]
[White "Gerstner, Wolfgang"]
[Black "Sandor, Christian"]
[Result "1/2-1/2"]
[WhiteElo "2375"]
[BlackElo "2341"]
[PlyCount "164"]
[EventDate "2000.10.15"]
[EventType "team-tourn"]
[EventRounds "9"]
[EventCountry "GER"]
[SourceTitle "CBM 082 Extra"]
[Source "ChessBase"]
[SourceDate "2001.07.03"]
[SourceVersion "1"]
[SourceVersionDate "2001.07.03"]
[SourceQuality "1"]
[WhiteTeam "Karlsruhe"]
[BlackTeam "Bayern Muenchen"]
[WhiteTeamCountry "GER"]
[BlackTeamCountry "GER"]

1. d4 d5 2. c4 c6 3. Nc3 Nf6 4. e3 e6 5. Bd3 Nbd7 6. Nf3 Bb4 7. 0-0 0-0 8. Bd2 Qe7 9. a3 dxc4 10. Bxc4 Bd6 11. e4 e5 12. Bg5 exd4 13. Nxd4 Ne5 14. Ba2 h6 15. Bf4 Bg4 16. Nf5 Bxf5 17. exf5 Nd3 18. Qxd3 Bxf4 19. Qc4 Qc7 20. g3 Be5 21. Rad1 Rad8 22. Rfe1 b5 23. Qc5 Bd6 24. Qe3 Rfe8 25. Qf3 Rxe1+ 26. Rxe1 Be5 27. Re2 a6 28. Kg2 Bxc3 29. Qxc3 c5 30. Bb1 Rd1 31. Be4 Nxe4 32. Rxe4 Qc6 33. f3 Qd6 34. Qe5 Rd2+ 35. Kh3 Qxe5 36. Rxe5 c4 37. Re8+ Kh7 38. Re7 f6 39. Re6 Rxb2 40. Rxa6 h5 41. Rc6 Rb3 42. a4 Rxf3 43. axb5 Rxf5 44. Rxc4 Rxb5 45. Rc2 g5 46. Kg2 Rb4 47. Rd2 Kg6 48. Rc2 h4 49. Rd2 f5 50. Rc2 Kh5 51. Rf2 Rb5 52. Rc2 g4 53. Rf2 Kg5 54. Rf1 Re5 55. Rf2 Rd5 56. Rf1 Ra5 57. Rf2 Rc5 58. Rf1 Rb5 59. Rf2 Ra5 60. Rf1 Rc5 61. Rf2 Rc3 62. Rf1 Kf6 63. Rf2 Re3 64. Ra2 Kg5 65. Rf2 Rd3 66. Rf1 Kf6 67. Rf2 Ke5 68. Re2+ Kd4 69. Re1 Re3 70. Rf1 Re2+ 71. Kg1 Ke3 72. gxh4 f4 73. Ra1 Rd2 74. Re1+ Kf3 75. Rf1+ Ke4 76. Re1+ Kf5 77. Re8 Rd6 78. Kf2 Kg6 79. Rh8 Rd2+ 80. Kg1 Kf5 81. Re8 Rd6 82. Kf2 Rd2+ 1/2-1/2

[Event "AUT-chT2M 9900"]
[Site "Austria"]
[Date "2000.02.12"]
[Round "8.2"]
[White "Sandor, Christian"]
[Black "Trauner, Rudolf"]
[Result "1-0"]
[WhiteElo "2360"]
[BlackElo "2278"]
[PlyCount "74"]
[EventDate "1999.??.??"]
[EventType "team"]
[EventRounds "11"]
[EventCountry "AUT"]
[SourceTitle "EXT 2004"]
[Source "ChessBase"]
[SourceDate "2003.11.25"]
[SourceVersion "1"]
[SourceVersionDate "2003.11.25"]
[SourceQuality "1"]

1. e4 e6 2. d4 d5 3. e5 b6 4. Bb5+ c6 5. Ba4 Ba6 6. c3 Ne7 7. Ne2 Nd7 8. 0-0 Rc8 9. Re1 Bxe2 10. Qxe2 c5 11. Bg5 h6 12. Qh5 Qc7 13. c4 g6 14. Qh3 hxg5 15. Qxh8 cxd4 16. Nd2 dxc4 17. Ne4 Nc6 18. Nd6+ Ke7 19. Nxc8+ Qxc8 20. Rac1 a6 21. Bxc6 Qxc6 22. Qh3 Bg7 23. Qa3+ Ke8 24. Qxa6 Nxe5 25. Rxe5 Bxe5 26. Qxc4 Qxc4 27. Rxc4 d3 28. Kf1 Bxb2 29. Rb4 Bc3 30. Rxb6 Bd4 31. Rb3 d2 32. Rd3 Bc3 33. Ke2 Ba5 34. Ra3 Bb4 35. Rb3 Ba5 36. Rb5 Bc3 37. Rxg5 Ke7 1-0

[Event "AUT-chT2M 9900"]
[Site "Austria"]
[Date "2000.01.16"]
[Round "7.2"]
[White "Holzmann, Herbert"]
[Black "Sandor, Christian"]
[Result "1/2-1/2"]
[WhiteElo "2195"]
[BlackElo "2360"]
[PlyCount "32"]
[EventDate "1999.??.??"]
[EventType "team"]
[EventRounds "11"]
[EventCountry "AUT"]
[SourceTitle "EXT 2004"]
[Source "ChessBase"]
[SourceDate "2003.11.25"]
[SourceVersion "1"]
[SourceVersionDate "2003.11.25"]
[SourceQuality "1"]

1. e4 c5 2. Nf3 g6 3. Bc4 Bg7 4. c3 e6 5. d4 cxd4 6. cxd4 d5 7. Bb5+ Bd7 8. Bxd7+ Nxd7 9. exd5 exd5 10. 0-0 Ne7 11. Nc3 0-0 12. Bg5 Nf6 13. Qb3 b6 14. Rad1 h6 15. Bf4 Rc8 16. Rfe1 Nc6 1/2-1/2

[Event "Oberliga Bayern 9900"]
[Site "Bayern"]
[Date "2000.01.09"]
[Round "4.2"]
[White "Sandor, Christian"]
[Black "Pruefer, Stefan"]
[Result "0-1"]
[WhiteElo "2345"]
[BlackElo "2125"]
[PlyCount "42"]
[EventDate "1999.10.10"]
[EventType "team-tourn"]
[EventRounds "9"]
[EventCountry "GER"]
[SourceTitle "EXT 2020"]
[Source "ChessBase"]
[SourceDate "2019.10.17"]
[SourceVersion "1"]
[SourceVersionDate "2019.10.17"]
[SourceQuality "1"]
[WhiteTeam "Muenchen FC Bayern"]
[BlackTeam "Muenchen 36"]
[WhiteTeamCountry "GER"]
[BlackTeamCountry "GER"]

1. e4 c5 2. Nf3 d6 3. d4 cxd4 4. Nxd4 Nf6 5. Nc3 a6 6. Be3 e5 7. Nb3 Be6 8. f4 Qc7 9. f5 Bc4 10. Qf3 b5 11. 0-0-0 Nbd7 12. g4 Rc8 13. Bxc4 Qxc4 14. g5 b4 15. Rd3 Nxe4 16. Na5 Qc7 17. Qxe4 Qxa5 18. Rd5 Qc7 19. Qxb4 Be7 20. Rd2 Nc5 21. Nd5 Nd3+ 0-1

[Event "Oberliga Bayern 9899"]
[Site "Bayern"]
[Date "1999.03.14"]
[Round "6.3"]
[White "Delitzsch, Juergen"]
[Black "Sandor, Christian"]
[Result "0-1"]
[WhiteElo "2180"]
[BlackElo "2320"]
[PlyCount "126"]
[EventDate "1998.10.11"]
[EventType "team-tourn"]
[EventRounds "9"]
[EventCountry "GER"]
[SourceTitle "EXT 2020"]
[Source "ChessBase"]
[SourceDate "2019.10.17"]
[SourceVersion "1"]
[SourceVersionDate "2019.10.17"]
[SourceQuality "1"]
[WhiteTeam "Bindlach"]
[BlackTeam "Muenchen FC Bayern"]
[WhiteTeamCountry "GER"]
[BlackTeamCountry "GER"]

1. Nf3 c5 2. e4 g6 3. d4 cxd4 4. Qxd4 Nf6 5. Bb5 Nc6 6. Bxc6 dxc6 7. Qxd8+ Kxd8 8. Nc3 Nd7 9. Bf4 f6 10. 0-0-0 e5 11. Be3 Kc7 12. Nd2 b5 13. Nb3 a5 14. a4 b4 15. Nb1 Nb6 16. Bxb6+ Kxb6 17. N1d2 Be6 18. Kb1 c5 19. Nf1 c4 20. Nc1 Bc5 21. Ne3 Rad8 22. Rhe1 Bxe3 23. fxe3 Bg4 24. Rxd8 Rxd8 25. Rf1 Rd6 26. b3 c3 27. Nd3 Bd7 28. Nf2 Rd2 29. Nd3 Bc6 30. Rxf6 Kc7 31. Rf7+ Kd8 32. Nc5 Rxg2 33. Rxh7 Rg1+ 34. Ka2 Rc1 35. Rg7 Rxc2+ 36. Kb1 Rb2+ 37. Kc1 Kc8 38. h4 Rh2 39. Rxg6 Kc7 40. Rg7+ Kd6 41. Nb7+ Bxb7 42. Rxb7 Rxh4 43. Rb6+ Kd7 44. Rb5 Rxe4 45. Rxa5 Rxe3 46. Rb5 Re4 47. a5 Kc6 48. Rb8 Kc5 49. a6 Re1+ 50. Kc2 Re2+ 51. Kb1 Rb2+ 52. Kc1 Ra2 53. Rc8+ Kd4 54. Rd8+ Ke3 55. Rd6 e4 56. Rb6 Kd3 57. Rd6+ Ke2 58. Rh6 c2 59. Rb6 Kd3 60. Rc6 Ra1+ 61. Kb2 Rb1+ 62. Ka2 c1Q 63. Rxc1 Rxc1 0-1

[Event "Oberliga Bayern 9899"]
[Site "Bayern"]
[Date "1999.02.07"]
[Round "5.3"]
[White "Duer, Werner"]
[Black "Sandor, Christian"]
[Result "1/2-1/2"]
[WhiteElo "2185"]
[BlackElo "2320"]
[PlyCount "89"]
[EventDate "1998.10.11"]
[EventType "team-tourn"]
[EventRounds "9"]
[EventCountry "GER"]
[SourceTitle "EXT 2020"]
[Source "ChessBase"]
[SourceDate "2019.10.17"]
[SourceVersion "1"]
[SourceVersionDate "2019.10.17"]
[SourceQuality "1"]
[WhiteTeam "Pang/Rosenheim"]
[BlackTeam "Muenchen FC Bayern"]
[WhiteTeamCountry "GER"]
[BlackTeamCountry "GER"]

1. d4 Nf6 2. Nf3 c5 3. d5 b5 4. Bg5 Qb6 5. c3 Bb7 6. Bxf6 exf6 7. e4 c4 8. Be2 Bc5 9. 0-0 0-0 10. b4 cxb3 11. axb3 Re8 12. b4 Bf8 13. Nbd2 f5 14. exf5 Bxd5 15. Nd4 Bxb4 16. Nxb5 Bc5 17. Rb1 a6 18. Nc4 Bxc4 19. Bxc4 axb5 20. Qd5 Na6 21. Qxf7+ Kh8 22. Rxb5 Qd6 23. Ra5 Nc7 24. f6 Qxf6 25. Qxf6 gxf6 26. Rxc5 Ne6 27. Bxe6 Rxe6 28. g3 Rd6 29. Re1 Kg7 30. Re3 Ra2 31. h4 Rc2 32. Re4 Rd3 33. Rg4+ Kf7 34. Rh5 Rf3 35. Rxh7+ Ke6 36. Re4+ Kf5 37. Rd4 Rfxf2 38. g4+ Kg6 39. Rhxd7 Rg2+ 40. Kf1 Rgf2+ 41. Ke1 Rh2 42. h5+ Kh6 43. Rd2 Rc1+ 44. Rd1 Rxc3 45. R7d2 1/2-1/2

[Event "AUT-chT2O 9798"]
[Site "Austria"]
[Date "1998.03.13"]
[Round "13"]
[White "Sandor, Christian"]
[Black "Kaiser, Wolfgang"]
[Result "1-0"]
[WhiteElo "2345"]
[BlackElo "2425"]
[PlyCount "53"]
[EventDate "1997.??.??"]
[EventType "team"]
[EventRounds "13"]
[EventCountry "AUT"]
[SourceTitle "EXT 1999"]
[Source "ChessBase"]
[SourceDate "1998.11.16"]
[SourceVersion "1"]
[SourceVersionDate "1998.11.16"]
[SourceQuality "1"]

1. e4 c5 2. Nf3 d6 3. d4 cxd4 4. Nxd4 Nf6 5. Nc3 e6 6. Be3 Be7 7. f3 Nc6 8. Qd2 a6 9. g4 Nd7 10. 0-0-0 0-0 11. h4 Qc7 12. g5 Nxd4 13. Bxd4 b5 14. h5 b4 15. Ne2 Ne5 16. Ng1 b3 17. axb3 a5 18. f4 a4 19. bxa4 Rxa4 20. b3 Rxd4 21. Qxd4 Nc6 22. Qc3 Bb7 23. h6 e5 24. hxg7 Kxg7 25. Qh3 Rh8 26. Qh6+ Kg8 27. g6 1-0

[Event "AUT-chT2O 9798"]
[Site "Austria"]
[Date "1998.03.12"]
[Round "12"]
[White "Pingitzer, Harald"]
[Black "Sandor, Christian"]
[Result "1/2-1/2"]
[WhiteElo "2345"]
[BlackElo "2345"]
[PlyCount "103"]
[EventDate "1997.??.??"]
[EventType "team"]
[EventRounds "13"]
[EventCountry "AUT"]
[SourceTitle "EXT 1999"]
[Source "ChessBase"]
[SourceDate "1998.11.16"]
[SourceVersion "1"]
[SourceVersionDate "1998.11.16"]
[SourceQuality "1"]

1. d4 Nf6 2. Nf3 d5 3. c4 dxc4 4. e3 c5 5. Bxc4 cxd4 6. Nxd4 a6 7. 0-0 Qc7 8. Qc2 Nc6 9. Bd2 Bd7 10. Rc1 e6 11. Be2 Bd6 12. Nf3 0-0 13. Nc3 Ne5 14. Nxe5 Bxe5 15. f4 Bd6 16. Ne4 Nxe4 17. Qxc7 Bxc7 18. Rxc7 Bc6 19. Bb4 Rfd8 20. Bf3 Bd5 21. Rac1 h6 22. a3 Rab8 23. Bh5 g6 24. Bf3 Nd6 25. Bxd5 exd5 26. Bxd6 Rxd6 27. Re7 d4 28. exd4 Rxd4 29. f5 gxf5 30. Rcc7 Rbd8 31. Rxb7 Rd2 32. h3 R8d6 33. Rxf7 Rxb2 34. Rg7+ Kh8 35. Rh7+ Kg8 36. Rbg7+ Kf8 37. Rf7+ Kg8 38. Rhg7+ Kh8 39. Rg3 Rb5 40. Rfg7 Rb8 41. R3g6 Rxg6 42. Rxg6 Kh7 43. Rxa6 Rb2 44. h4 f4 45. a4 Ra2 46. h5 Kg7 47. a5 Kf7 48. Kf1 Kg7 49. Rg6+ Kh7 50. Ra6 Kg7 51. Ke1 Kf7 52. Kf1 1/2-1/2

[Event "BL2-Sued 9798"]
[Site "Germany"]
[Date "1998.??.??"]
[Round "?.3"]
[White "Gross, Ladislau"]
[Black "Sandor, Christian"]
[Result "1/2-1/2"]
[WhiteElo "2355"]
[BlackElo "2345"]
[PlyCount "81"]
[EventDate "1997.10.??"]
[EventType "team-tourn"]
[EventRounds "9"]
[EventCountry "GER"]
[SourceTitle "EXT 1999"]
[Source "ChessBase"]
[SourceDate "1998.11.16"]
[SourceVersion "1"]
[SourceVersionDate "1998.11.16"]
[SourceQuality "1"]
[WhiteTeam "Heidelberg"]
[BlackTeam "Muenchen 36"]
[WhiteTeamCountry "GER"]
[BlackTeamCountry "GER"]

1. d4 Nf6 2. c4 c5 3. Nf3 cxd4 4. Nxd4 Nc6 5. Nc3 g6 6. e4 d6 7. Be2 Nxd4 8. Qxd4 Bg7 9. Be3 0-0 10. Qd2 Qa5 11. 0-0 Be6 12. Rac1 Rfc8 13. b3 a6 14. Rfd1 b5 15. Nd5 Qxd2 16. Nxf6+ Bxf6 17. Rxd2 bxc4 18. Bxc4 Bxc4 19. bxc4 Rab8 20. f3 Bb2 21. Rcc2 Ba3 22. Kf2 Rb7 23. Rd3 Bc5 24. Bxc5 Rxc5 25. Rd5 Rbc7 26. Rxc5 Rxc5 27. Ke3 f5 28. Kd4 Kf7 29. Rc3 Ra5 30. Rc2 Ke6 31. exf5+ gxf5 32. Kc3 Re5 33. Kd3 Kd7 34. f4 Re4 35. g3 Kc6 36. Rb2 h5 37. Rb8 h4 38. Rf8 hxg3 39. hxg3 e6 40. Rc8+ Kb6 41. Rd8 1/2-1/2

[Event "BL2-Sued 9798"]
[Site "Germany"]
[Date "1998.??.??"]
[Round "?.2"]
[White "Mann, Christian"]
[Black "Sandor, Christian"]
[Result "1/2-1/2"]
[WhiteElo "2460"]
[BlackElo "2345"]
[PlyCount "83"]
[EventDate "1997.10.??"]
[EventType "team-tourn"]
[EventRounds "9"]
[EventCountry "GER"]
[SourceTitle "EXT 1999"]
[Source "ChessBase"]
[SourceDate "1998.11.16"]
[SourceVersion "1"]
[SourceVersionDate "1998.11.16"]
[SourceQuality "1"]
[WhiteTeam "Eppingen"]
[BlackTeam "Muenchen 36"]
[WhiteTeamCountry "GER"]
[BlackTeamCountry "GER"]

1. g3 c5 2. Bg2 g6 3. e4 Nc6 4. Ne2 Bg7 5. 0-0 e5 6. d3 Nge7 7. Be3 b6 8. c3 d5 9. d4 exd4 10. cxd4 0-0 11. Nbc3 Bg4 12. exd5 cxd4 13. dxc6 dxc3 14. Qxd8 Rfxd8 15. Nxc3 Rac8 16. Rac1 Nxc6 17. Nb5 Be2 18. Bxc6 Rxc6 19. Nxa7 Rxc1 20. Rxc1 Bxb2 21. Rb1 Bf3 22. Bxb6 Rd6 23. Be3 Be4 24. Re1 Ra6 25. Nb5 Rxa2 26. Bd4 Bxd4 27. Nxd4 Bd5 28. h4 h6 29. Rd1 Bb7 30. Rb1 Be4 31. Re1 Ba8 32. Kf1 Bd5 33. Re5 Ra1+ 34. Ke2 Bc4+ 35. Ke3 Rd1 36. Rc5 Ba6 37. h5 Re1+ 38. Kd2 Re4 39. Kc3 gxh5 40. Rc6 Bf1 41. Rxh6 Re5 42. Rf6 1/2-1/2

[Event "BL2-Sued 9798"]
[Site "Germany"]
[Date "1998.??.??"]
[Round "?.3"]
[White "Sandor, Christian"]
[Black "Doettling, Fabian"]
[Result "1/2-1/2"]
[WhiteElo "2345"]
[BlackElo "2320"]
[PlyCount "45"]
[EventDate "1997.10.??"]
[EventType "team-tourn"]
[EventRounds "9"]
[EventCountry "GER"]
[SourceTitle "EXT 1999"]
[Source "ChessBase"]
[SourceDate "1998.11.16"]
[SourceVersion "1"]
[SourceVersionDate "1998.11.16"]
[SourceQuality "1"]
[WhiteTeam "Muenchen 36"]
[BlackTeam "Baiertal"]
[WhiteTeamCountry "GER"]
[BlackTeamCountry "GER"]

1. e4 c6 2. d4 d5 3. e5 Bf5 4. Nc3 Qb6 5. Bd3 Bxd3 6. Qxd3 e6 7. Nf3 Qa6 8. Qe3 Ne7 9. Ne2 Nd7 10. 0-0 c5 11. Ng3 cxd4 12. Nxd4 Nc6 13. Nxc6 Qxc6 14. c3 Qc7 15. Re1 g6 16. Qg5 h6 17. Qh4 Be7 18. Qd4 Kf8 19. Be3 Kg7 20. Rad1 Nb6 21. Qg4 h5 22. Qf3 Nc4 23. b3 1/2-1/2

[Event "AUT-chT2O 9798"]
[Site "Austria"]
[Date "1998.??.??"]
[Round "7"]
[White "Sandor, Christian"]
[Black "Wadsack, Wolfgang"]
[Result "1/2-1/2"]
[WhiteElo "2345"]
[BlackElo "2140"]
[PlyCount "115"]
[EventDate "1997.??.??"]
[EventType "team"]
[EventRounds "13"]
[EventCountry "AUT"]
[SourceTitle "EXT 1999"]
[Source "ChessBase"]
[SourceDate "1998.11.16"]
[SourceVersion "1"]
[SourceVersionDate "1998.11.16"]
[SourceQuality "1"]

1. e4 d5 2. exd5 Nf6 3. d4 Nxd5 4. c4 Nb6 5. Nf3 Bg4 6. Nc3 e5 7. dxe5 Qxd1+ 8. Kxd1 Nc6 9. Bf4 0-0-0+ 10. Kc1 Bb4 11. Be2 Rhe8 12. Re1 Na4 13. Bd2 Nxc3 14. Bxc3 Bxc3 15. bxc3 Bxf3 16. Bxf3 Nxe5 17. Kc2 Nxc4 18. Bg4+ Kb8 19. Bd7 Re5 20. Rxe5 Nxe5 21. Bf5 g6 22. Re1 Nc4 23. Bd7 c6 24. Re7 h5 25. f4 Ne3+ 26. Kb3 Nxg2 27. f5 gxf5 28. Rxf7 Ne3 29. Bxf5 Rd5 30. Be6 Rb5+ 31. Ka3 Ra5+ 32. Kb2 Re5 33. Bb3 a5 34. Rh7 Nd5 35. Bd1 Nf4 36. Rf7 Nd5 37. Rh7 Nf6 38. Rh6 Rf5 39. h4 Kc7 40. Rg6 Rf4 41. Rh6 Rf5 42. Rg6 Rf2+ 43. Kb3 Kb6 44. Rg5 Rf4 45. Bxh5 Rxh4 46. Bf3 Ne4 47. Bxe4 Rxe4 48. a4 Re6 49. Rh5 Rd6 50. Rg5 Rd5 51. Rg7 Rh5 52. Rf7 Ka6 53. Rf6 Rc5 54. Rh6 b5 55. axb5+ Kxb5 56. Rh4 Rg5 57. Rf4 Rg3 58. Rh4 1/2-1/2

[Event "AUT-chT2O 9798"]
[Site "Austria"]
[Date "1997.12.06"]
[Round "4"]
[White "Sandor, Christian"]
[Black "Koutsin, Sergey"]
[Result "1/2-1/2"]
[WhiteElo "2345"]
[BlackElo "2440"]
[PlyCount "76"]
[EventDate "1997.??.??"]
[EventType "team"]
[EventRounds "13"]
[EventCountry "AUT"]
[SourceTitle "EXT 1999"]
[Source "ChessBase"]
[SourceDate "1998.11.16"]
[SourceVersion "1"]
[SourceVersionDate "1998.11.16"]
[SourceQuality "1"]

1. e4 e6 2. d4 d5 3. exd5 exd5 4. c4 Nf6 5. Nf3 Bb4+ 6. Nc3 0-0 7. a3 Re8+ 8. Be3 Bxc3+ 9. bxc3 Nc6 10. Bd3 dxc4 11. Bxc4 Be6 12. Bd3 Na5 13. Ne5 Qd5 14. 0-0 c5 15. Rb1 c4 16. Be2 Bf5 17. Bf3 Be4 18. Qa4 Bxf3 19. Rb5 Qe6 20. Rxa5 Bd5 21. Rxa7 Rxa7 22. Qxa7 Ng4 23. Nxg4 Qxg4 24. f3 Qg6 25. Qc5 Qc6 26. Qxc6 Bxc6 27. Kf2 f6 28. Bf4 Kf7 29. Rb1 Ke6 30. Bc7 Ra8 31. Ra1 Kd5 32. Bb6 Bd7 33. Bc5 b5 34. g4 Re8 35. h4 f5 36. g5 f4 37. Re1 Rxe1 38. Kxe1 g6 1/2-1/2

[Event "AUT-chT2O 9798"]
[Site "Austria"]
[Date "1997.11.07"]
[Round "1"]
[White "Sandor, Christian"]
[Black "Neumeier, Klaus"]
[Result "1-0"]
[WhiteElo "2345"]
[BlackElo "2250"]
[PlyCount "83"]
[EventDate "1997.??.??"]
[EventType "team"]
[EventRounds "13"]
[EventCountry "AUT"]
[SourceTitle "EXT 1999"]
[Source "ChessBase"]
[SourceDate "1998.11.16"]
[SourceVersion "1"]
[SourceVersionDate "1998.11.16"]
[SourceQuality "1"]

1. e4 c5 2. Nf3 d6 3. d4 cxd4 4. Nxd4 Nf6 5. Nc3 g6 6. Be3 Bg7 7. f3 0-0 8. Qd2 Nc6 9. Bc4 Bd7 10. 0-0-0 Rc8 11. Bb3 Ne5 12. h4 Nc4 13. Bxc4 Rxc4 14. h5 Nxh5 15. g4 Nf6 16. Nb3 Re8 17. e5 Nxg4 18. fxg4 Bxg4 19. Rdg1 h5 20. e6 f5 21. Bd4 Qc8 22. Rxg4 fxg4 23. Qe3 Bxd4 24. Nxd4 Rxd4 25. Qxd4 Qxe6 26. Nd5 Qe5 27. Qd2 e6 28. Re1 exd5 29. Rxe5 Rxe5 30. Qh6 Kf7 31. Kd2 Kf6 32. Qf8+ Ke6 33. Qg7 Kf5 34. Qd7+ Re6 35. Qxb7 g3 36. Qxd5+ Re5 37. Qf3+ Ke6 38. Qxg3 Kf6 39. Qf2+ Ke6 40. Qxa7 h4 41. Qh7 g5 42. a4 1-0

[Event "BL2-Sued 9798"]
[Site "Germany"]
[Date "1997.??.??"]
[Round "?.3"]
[White "Sandor, Christian"]
[Black "Dittmar, Peter"]
[Result "0-1"]
[WhiteElo "2345"]
[BlackElo "2325"]
[PlyCount "114"]
[EventDate "1997.10.??"]
[EventType "team-tourn"]
[EventRounds "9"]
[EventCountry "GER"]
[SourceTitle "EXT 1999"]
[Source "ChessBase"]
[SourceDate "1998.11.16"]
[SourceVersion "1"]
[SourceVersionDate "1998.11.16"]
[SourceQuality "1"]
[WhiteTeam "Muenchen 36"]
[BlackTeam "Sindelfingen"]
[WhiteTeamCountry "GER"]
[BlackTeamCountry "GER"]

1. e4 e6 2. d4 d5 3. e5 c5 4. c3 Ne7 5. Nf3 Nec6 6. Bd3 b6 7. Qe2 a5 8. a4 Ba6 9. Bxa6 Nxa6 10. 0-0 Be7 11. Na3 0-0 12. Bf4 Nc7 13. Rfd1 c4 14. Qe3 Rb8 15. Ng5 b5 16. axb5 Nxb5 17. Nc2 Nc7 18. Ra2 Rb3 19. Na1 Rb7 20. Qg3 Qb8 21. Bc1 Ra7 22. Re1 a4 23. Qg4 a3 24. bxa3 Qb1 25. Qe2 Nb5 26. Rb2 Qxa1 27. Rxb5 Qxc3 28. Bb2 Nxd4 29. Qd1 Nxb5 30. Bxc3 Nxc3 31. Qc2 Bxg5 32. Qxc3 Rb8 33. f4 Be7 34. Ra1 Bc5+ 35. Kh1 Rb3 36. Qe1 Raxa3 37. Rxa3 Rxa3 38. h3 Bf8 39. f5 g6 40. fxe6 fxe6 41. Qh4 Ra6 42. Qd8 Ra7 43. Kh2 Rf7 44. Qc8 Re7 45. Qc5 Re8 46. Qc6 Kf7 47. g4 Be7 48. Qb6 Rc8 49. Qb2 Kg7 50. Qb6 Rc5 51. Qxe6 Kf8 52. Qb6 c3 53. Qb8+ Kf7 54. Qb6 c2 55. e6+ Kf6 56. g5+ Kxg5 57. h4+ Kf6 0-1

[Event "AUT-chT2O 9697"]
[Site "Austria"]
[Date "1997.??.??"]
[Round "9"]
[White "Sandor, Christian"]
[Black "Lehner, Oliver"]
[Result "0-1"]
[WhiteElo "2380"]
[BlackElo "2250"]
[PlyCount "88"]
[EventDate "1996.??.??"]
[EventType "team"]
[EventRounds "11"]
[EventCountry "AUT"]
[SourceTitle "EXT 1998"]
[Source "ChessBase"]
[SourceDate "1997.11.17"]
[SourceVersion "1"]
[SourceVersionDate "1997.11.17"]
[SourceQuality "1"]

1. e4 c5 2. Nf3 Nc6 3. d4 cxd4 4. Nxd4 Nf6 5. Nc3 e5 6. Ndb5 d6 7. Bg5 a6 8. Na3 b5 9. Bxf6 gxf6 10. Nd5 f5 11. Bd3 Be6 12. Qh5 Rg8 13. g3 f4 14. gxf4 Bg4 15. Qxh7 Rg7 16. Qh8 exf4 17. Be2 f3 18. Bd3 Ne5 19. Qh6 Rg6 20. Qd2 Bh6 21. Ne3 Be6 22. 0-0-0 Qb6 23. Rhg1 Rg2 24. Rxg2 fxg2 25. Be2 Bxe3 26. Qxe3 Qxe3+ 27. fxe3 Ke7 28. Rg1 Rg8 29. b3 Rg6 30. Nb1 b4 31. Nd2 Bh3 32. Kd1 Rf6 33. Ke1 a5 34. Nc4 Nxc4 35. Bxc4 Rf3 36. Be2 Rf6 37. Bc4 Kd7 38. Ba6 Ke8 39. Bb5+ Kd8 40. Bc4 Ke7 41. Bb5 Ke6 42. Bc4+ Ke5 43. Bd3 Rf3 44. Be2 Kxe4 0-1

[Event "BL2-Sued 9697"]
[Site "Germany"]
[Date "1997.??.??"]
[Round "?.3"]
[White "Werner, Clemens"]
[Black "Sandor, Christian"]
[Result "1/2-1/2"]
[WhiteElo "2350"]
[BlackElo "2340"]
[PlyCount "50"]
[EventDate "1996.10.??"]
[EventType "team-tourn"]
[EventRounds "9"]
[EventCountry "GER"]
[SourceTitle "GER-chT2"]
[Source "ChessBase"]
[SourceDate "1999.07.01"]
[SourceVersion "1"]
[SourceVersionDate "1999.07.01"]
[SourceQuality "1"]
[WhiteTeam "Karlsruhe"]
[BlackTeam "Muenchen 36"]
[WhiteTeamCountry "GER"]
[BlackTeamCountry "GER"]

1. e4 e5 2. Nf3 Nc6 3. Bc4 Bc5 4. d3 Nf6 5. Bb3 d6 6. c3 a6 7. 0-0 Ba7 8. Be3 0-0 9. Nbd2 Re8 10. Bxa7 Rxa7 11. Ng5 Re7 12. f4 h6 13. fxe5 Nxe5 14. d4 hxg5 15. dxe5 dxe5 16. Nf3 Qe8 17. Nxg5 Be6 18. Rxf6 gxf6 19. Qh5 fxg5 20. Qxg5+ Kf8 21. Qh6+ Kg8 22. Rf1 Bxb3 23. Qg5+ Kf8 24. Qh6+ Kg8 25. Qg5+ Kf8 1/2-1/2

[Event "BL2-Sued 9697"]
[Site "Germany"]
[Date "1996.??.??"]
[Round "?.2"]
[White "Fahnenschmidt, Gerhard"]
[Black "Sandor, Christian"]
[Result "1/2-1/2"]
[WhiteElo "2385"]
[BlackElo "2350"]
[PlyCount "84"]
[EventDate "1996.10.??"]
[EventType "team-tourn"]
[EventRounds "9"]
[EventCountry "GER"]
[SourceTitle "GER-chT2"]
[Source "ChessBase"]
[SourceDate "1999.07.01"]
[SourceVersion "1"]
[SourceVersionDate "1999.07.01"]
[SourceQuality "1"]
[WhiteTeam "Sindelfingen"]
[BlackTeam "Muenchen 36"]
[WhiteTeamCountry "GER"]
[BlackTeamCountry "GER"]

1. Nf3 d5 2. d4 c5 3. c4 dxc4 4. e3 cxd4 5. exd4 Be6 6. Nc3 Nf6 7. Bg5 Nd5 8. Qa4+ Qd7 9. Qxd7+ Nxd7 10. Bxc4 N7b6 11. Bb5+ Bd7 12. Bxd7+ Kxd7 13. Nxd5 Nxd5 14. Ke2 f6 15. Bd2 e6 16. Rhc1 g5 17. h4 g4 18. Ne1 h5 19. Nd3 b6 20. Nf4 Nc7 21. Rc2 Bd6 22. Rac1 Bxf4 23. Bxf4 Nd5 24. Bd2 Rac8 25. Rxc8 Rxc8 26. Rxc8 Kxc8 27. Kd3 f5 28. a4 Kd7 29. b4 a6 30. Kc4 Kc6 31. b5+ axb5+ 32. axb5+ Kd7 33. Bc1 Ke7 34. f3 Kf6 35. Bg5+ Kg6 36. Kd3 Kf7 37. Bc1 Ke7 38. Kc4 Kd6 39. Ba3+ Kd7 40. Bc1 Ne7 41. Bf4 Nd5 42. Bg5 Kd6 1/2-1/2